Geographical thought: (Record no. 157755)
[ view plain ]
| 000 -LEADER | |
|---|---|
| fixed length control field | 00648nam a22002057a 4500 |
| 005 - DATE AND TIME OF LATEST TRANSACTION | |
| control field | 20180928125530.0 |
| 010 ## - LCCN (DPL NO) | |
| LC control number | ENG-124081 |
| 020 ## - INTERNATIONAL STANDARD BOOK NUMBER | |
| International Standard Book Number | 9789387472372 |
| Terms of availability | 325.00 |
| 035 ## - SYSTEM CONTROL NUMBER | |
| System control number | EN-107613 |
| 037 ## - SOURCE OF ACQUISITION | |
| Source of stock number/acquisition | DBAD/PUB |
| 082 ## - DEWEY DECIMAL CLASSIFICATION NUMBER | |
| Classification number | 910.01 |
| 100 ## - MAIN ENTRY--PERSONAL NAME | |
| Personal name | Dikshit, Ramesh Dutta |
| 245 ## - TITLE STATEMENT | |
| Title | Geographical thought: |
| Statement of responsibility, etc | by Ramesh Dutta Dikshit |
| Remainder of title | a contextual history of ideas / |
| 250 ## - EDITION STATEMENT | |
| Edition statement | 2nd ed. |
| 260 ## - PUBLICATION, DISTRIBUTION, ETC. (IMPRINT) | |
| Date of publication, distribution, etc | 2018 |
| Place of publication, distribution, etc | Delhi |
| Name of publisher, distributor, etc | PHI Learning Pvt. Ltd. |
| 270 ## - ADDRESS | |
| City | Delhi |
| Address | Rimjhim House, 111, Patparganj Industrial Estate, |
| Postal code | 110092 |
| 300 ## - PHYSICAL DESCRIPTION | |
| Extent | xviii,370p. |
| Dimensions | 23cm.(pbk) |
| 500 ## - GENERAL NOTE | |
| General note | It includes index |
| 942 ## - ADDED ENTRY ELEMENTS (KOHA) | |
| Source of classification or shelving scheme | Dewey Decimal Classification |
| Item type | English Books |
| Classification part | 910.01 |
| Call number suffix | DIK |
| Withdrawn status | Lost status | Not for loan | Collection code | Home library | Current library | Date acquired | Source of acquisition | Cost, normal purchase price | Full call number | Barcode | Copy number | Cost, replacement price | Koha item type |
|---|---|---|---|---|---|---|---|---|---|---|---|---|---|
| Not For Loan | Non-fiction | D.B.Act.Division | Sarojini Nagar | 28/09/2018 | DBAD/PUB | 325.00 | 910.01 DIK | EN-107613 | 1 | 325.00 | English Books | ||
| Non-fiction | Sarojini Nagar | Sarojini Nagar | 21/05/2019 | 910.01 DIK | B-047013 | English Books |
